Normal view
MARC view
Entry Corporate Name
001 - CONTROL NUMBER
- control field: 50864
003 - CONTROL NUMBER IDENTIFIER
- control field: ARRUPE
005 - DATE AND TIME OF LATEST TRANSACTION
- control field: 20211102102511.0
008 - FIXED-LENGTH DATA ELEMENTS
- fixed length control field: 211102|| aca||aabn | a|a d
040 ## - CATALOGING SOURCE
- Original cataloging agency: ARRUPE
- Transcribing agency: ARRUPE
110 ## - HEADING--CORPORATE NAME
- Corporate name or jurisdiction name as entry element: United States.
- Subordinate unit: Office of Strategic Services
- General subdivision: History
670 ## - SOURCE DATA FOUND
- Source citation: Work cat.: (ARRUPE)0: Smith, Bradley F. 50863, The shadow warriors :, c1983.